| 000 | 00583nam a22001817a 4500 | ||
|---|---|---|---|
| 999 |
_c187778 _d187778 |
||
| 005 | 20220428155934.0 | ||
| 010 | _aENG-132463 | ||
| 020 |
_c995.00 _a9789387393059 |
||
| 035 | _aEN-115995 | ||
| 037 | _bDBAD/PUB | ||
| 082 | _a324.254083 | ||
| 100 | _aRaman, R. | ||
| 245 |
_aHindu Nationalism in India/ _cR.Raman |
||
| 260 |
_aDelhi _bKeshav Books _c2018 |
||
| 270 |
_bDelhi _aF-7, Gali No.1,3rd Floor Panchsheel Garden Extn. Naveen Shahdara _e110032 _k09871603557 _mkeshavbooks30@gmail.com |
||
| 300 |
_avii,278p. _c22cm(hbk) |
||
| 942 |
_2ddc _cEN _h324.254083 _mRAM |
||